[Event "SW Autumn"]
[Site "?"]
[Date "2022.10.15"]
[Round "1"]
[White "Davies, Andrew"]
[Black "Parri, Deio"]
[Result "1/2-1/2"]
[WhiteElo "1124"]
[BlackElo "1632"]
[PlyCount "71"]
[EventDate "2022.??.??"]

1. e4 e6 2. d4 d5 3. exd5 exd5 4. c4 c6 5. Nc3 Nf6 6. Nf3 Bg4 7. h3 Bh5 8. c5 Be7 9. Be2 O-O 10. O-O Nbd7 11. Re1 Re8 12. Bf4 Nf8 13. Bg3 Ne6 14. b4 Bg6 15. Ne5 Ne4 16. Nxg6 Nxc3 17. Nxe7+ Rxe7 18. Qd3 Nxe2+ 19. Rxe2 Qd7 20. Rae1 Ree8 21. a4 h6 22. Be5 a6 23. Qg3 Rac8 24. Bf6 g6 25. Qh4 Kh7 26. Qg4 h5 27. Qh4 Ng7 28. Rxe8 Rxe8 29. Rxe8 Qxe8 30. Be5 Qe6 31. Qd8 Ne8 32. Qb6 Qd7 33. Qa7 f6 34. Bf4 Kg7 35. Qb8 Kf7 36. Be3 1/2-1/2

[Event "SW Autumn"]
[Site "?"]
[Date "2022.10.15"]
[Round "1"]
[White "Smith, Alun"]
[Black "Davies, Rhys"]
[Result "1-0"]
[WhiteElo "1722"]
[BlackElo "1208"]
[PlyCount "111"]
[EventDate "2022.??.??"]

1. e4 d5 2. exd5 Qxd5 3. Nc3 Qa5 4. d4 Nf6 5. Nf3 Bg4 6. h3 Bxf3 7. Qxf3 e6 8. Qxb7 Bb4 9. Bd2 Bxc3 10. Bxc3 Qd5 11. Qxc7 Qe4+ 12. Be2 O-O 13. Qg3 Nd5 14. Qf3 Qxc2 15. Bd3 Qa4 16. Qe4 g6 17. Bd2 Nc6 18. Bh6 Qb4+ 19. Kf1 Rfe8 20. b3 Nxd4 21. Bc4 Nf5 22. Bxd5 Qxe4 23. Bxe4 Nxh6 24. Bxa8 Rxa8 25. Ke2 Rc8 26. Rac1 Rb8 27. Rc7 a5 28. Ra7 Rb5 29. Rd1 Kg7 30. Rd4 Re5+ 31. Kd2 Kf6 32. Ra4 Rd5+ 33. Ke3 Re5+ 34. Kf3 Rc5 35. Rc4 Rd5 36. g4 Kg5 37. Kg3 Rd3+ 38. f3 f5 39. h4+ Kf6 40. g5+ Ke5 41. gxh6 Rd2 42. Rxa5+ Kf6 43. Ra6 g5 44. hxg5+ Kxg5 45. a4 e5 46. f4+ exf4+ 47. Rxf4 Rd3+ 48. Rf3 Rd4 49. Ra5 Rg4+ 50. Kf2 Kxh6 51. Raxf5 Kg6 52. a5 h5 53. a6 h4 54. a7 h3 55. a8=Q Rg2+ 56. Ke3 1-0

[Event "SW Autumn"]
[Site "?"]
[Date "2022.10.15"]
[Round "2"]
[White "Bagga, Khushi"]
[Black "Horrell, Stephen"]
[Result "0-1"]
[WhiteElo "1362"]
[BlackElo "1600"]
[PlyCount "68"]
[EventDate "2022.??.??"]

1. e4 d5 2. exd5 Nf6 3. Bb5+ Bd7 4. Be2 Nxd5 5. d4 g6 6. c4 Nb6 7. Nf3 Bg7 8. Nc3 O-O 9. O-O Bf5 10. Bf4 a6 11. a4 c6 12. a5 N6d7 13. Nh4 e5 14. Nxf5 exf4 15. Nxg7 Kxg7 16. Qd2 Qc7 17. d5 cxd5 18. Nxd5 Qd6 19. Qc3+ Qe5 20. Qxe5+ Nxe5 21. Nxf4 Nbc6 22. Nd5 Nd4 23. Nc3 Nxe2+ 24. Nxe2 Nxc4 25. Nf4 Rac8 26. Nd3 Rfd8 27. Rfd1 Nxa5 28. g3 Nc4 29. Kg2 Nb6 30. Rab1 Rc2 31. Kf3 Nc4 32. Nb4 Rxd1 33. Rxd1 Rxb2 34. Nd5 Rd2 0-1

[Event "SW Autumn"]
[Site "?"]
[Date "2022.10.16"]
[Round "4"]
[White "Bagga, Khushi"]
[Black "Swamy, Anshul"]
[Result "1-0"]
[WhiteElo "1362"]
[BlackElo "1360"]
[PlyCount "79"]
[EventDate "2022.??.??"]

1. e4 c5 2. d4 cxd4 3. c3 dxc3 4. Nxc3 Nc6 5. Bf4 e5 6. Be3 a6 7. Nf3 Nf6 8. Be2 Bb4 9. Bg5 h6 10. Bxf6 Qxf6 11. O-O Bxc3 12. bxc3 O-O 13. Qc2 d6 14. Rad1 Rd8 15. c4 Bg4 16. Qb2 Qe7 17. Rfe1 Be6 18. Rc1 Qc7 19. Bd3 Rac8 20. h3 Na5 21. Nd2 Qe7 22. Red1 Rc6 23. Rc3 Rdc8 24. Rdc1 Qc7 25. Qb4 b5 26. Be2 bxc4 27. Qa4 Rb8 28. Nxc4 Bxc4 29. Bxc4 Nxc4 30. Rxc4 Rxc4 31. Rxc4 Rb1+ 32. Kh2 Qb7 33. Rc2 Rb4 34. Qc6 Qb6 35. Qe8+ Kh7 36. Qxf7 Qd8 37. Qf5+ g6 38. Qf7+ Kh8 39. Rc7 Qg8 40. Qf6+ 1-0

[Event "SW Autumn"]
[Site "?"]
[Date "2022.10.15"]
[Round "2"]
[White "Beeston, Darson"]
[Black "MacDonald, Duncan"]
[Result "0-1"]
[WhiteElo "1100"]
[BlackElo "1537"]
[PlyCount "120"]
[EventDate "2022.??.??"]

1. d4 Nf6 2. Bg5 e6 3. e3 d5 4. Nf3 c5 5. c3 Nc6 6. Nbd2 Bd6 7. Bb5 h6 8. Bxf6 Qxf6 9. O-O O-O 10. Re1 e5 11. dxe5 Nxe5 12. Nxe5 Bxe5 13. Nf3 Rd8 14. Nxe5 Qxe5 15. Qf3 Bf5 16. Rad1 Rd6 17. Bd3 Bxd3 18. Rxd3 Rad8 19. Red1 d4 20. Qe2 dxe3 21. Rxd6 Rxd6 22. Rxd6 exf2+ 23. Qxf2 Qxd6 24. Qf3 Qb6 25. Qe2 c4+ 26. Qf2 Qe6 27. Kf1 a6 28. Qe2 Kf8 29. Qxe6 fxe6 30. Ke2 Ke7 31. Ke3 e5 32. Ke4 Ke6 33. b3 b5 34. g3 g6 35. h3 h5 36. bxc4 bxc4 37. a3 Kd6 38. a4 a5 39. h4 Ke6 40. Ke3 Kf5 41. Kf3 g5 42. hxg5 Kxg5 43. Kg2 Kg4 44. Kf2 e4 45. Ke3 Kxg3 46. Kxe4 h4 47. Kd4 h3 48. Kxc4 h2 49. Kb5 h1=Q 50. c4 Qh5+ 51. c5 Qe8+ 52. Kxa5 Qc6 53. Kb4 Kf4 54. Kc4 Ke4 55. a5 Qa4+ 56. Kc3 Qxa5+ 57. Kc4 Qa4+ 58. Kc3 Qd4+ 59. Kb3 Qxc5 60. Kb2 Kd3 0-1

[Event "SW Autumn"]
[Site "?"]
[Date "2022.10.15"]
[Round "1"]
[White "Bennett, Tom"]
[Black "Toczek, Grzegorz"]
[Result "0-1"]
[WhiteElo "1597"]
[BlackElo "2253"]
[PlyCount "40"]
[EventDate "2022.??.??"]

1. d4 f5 2. Nf3 Nf6 3. e3 e6 4. Nbd2 Be7 5. b3 O-O 6. Bb2 d5 7. Bd3 Ne4 8. Qe2 Bd7 9. Bxe4 fxe4 10. Ne5 Be8 11. O-O-O Nc6 12. g3 Bd6 13. f4 exf3 14. Ndxf3 Qe7 15. g4 Bxe5 16. dxe5 Bg6 17. Nd2 Qc5 18. c4 Nb4 19. Bd4 Qa5 20. e4 Qxa2 0-1

[Event "SW Autumn"]
[Site "?"]
[Date "2022.10.15"]
[Round "2"]
[White "Bickford, Ben"]
[Black "Bennett, Tom"]
[Result "0-1"]
[WhiteElo "1317"]
[BlackElo "1597"]
[PlyCount "72"]
[EventDate "2022.??.??"]

1. d4 d6 2. Bf4 c6 3. e3 Nf6 4. Nf3 Bg4 5. h3 Bh5 6. Be2 Nbd7 7. Nc3 Qb6 8. Qd2 Rd8 9. O-O-O Qc7 10. g4 Bg6 11. Bd3 e5 12. dxe5 dxe5 13. Bxg6 exf4 14. Bf5 g6 15. Bxd7+ Rxd7 16. Qe2 Bd6 17. exf4+ Re7 18. Qd3 Bxf4+ 19. Kb1 Nd7 20. Rhe1 Ne5 21. Qd4 g5 22. Nxe5 Rxe5 23. Rxe5+ Bxe5 24. Qxa7 O-O 25. Qe3 Bf4 26. Qd3 b5 27. Ne4 Qe5 28. Ng3 c5 29. Nf5 c4 30. Qf1 Rc8 31. Re1 Qc5 32. Ne7+ Kg7 33. Nxc8 Qxc8 34. Qh1 Qc5 35. f3 c3 36. b3 Qa3 0-1

[Event "SW Autumn"]
[Site "?"]
[Date "2022.10.15"]
[Round "1"]
[White "Brown, Thomas"]
[Black "Kandalasaran, Ganesh"]
[Result "1-0"]
[WhiteElo "2115"]
[BlackElo "1593"]
[PlyCount "65"]
[EventDate "2022.??.??"]

1. d4 d6 2. c4 g6 3. Nc3 Nf6 4. e4 Bg7 5. Nf3 Bg4 6. Be2 Bxf3 7. Bxf3 c6 8. O-O O-O 9. Re1 e5 10. d5 c5 11. a3 b6 12. b4 Nbd7 13. b5 Ne8 14. a4 f5 15. Bd2 f4 16. Bg4 Nef6 17. Be6+ Kh8 18. f3 Re8 19. a5 Nf8 20. axb6 axb6 21. Rxa8 Qxa8 22. Qa1 Nxe6 23. dxe6 Qc8 24. Nd5 Qxe6 25. Nxb6 Rb8 26. Qa7 Qe8 27. Ra1 Qd8 28. Qxb8 Qxb8 29. Ra8 Qxa8 30. Nxa8 Nd7 31. Ba5 Bf6 32. Bc7 Be7 33. b6 1-0

[Event "SW Autumn"]
[Site "?"]
[Date "2022.10.15"]
[Round "3"]
[White "Brown, Thomas"]
[Black "Turner, Joseph"]
[Result "1-0"]
[WhiteElo "2115"]
[BlackElo "1865"]
[PlyCount "64"]
[EventDate "2022.??.??"]

1. d4 Nf6 2. c4 g6 3. Nc3 Bg7 4. e4 d6 5. Nf3 O-O 6. Be2 Na6 7. O-O e5 8. Be3 Ng4 9. Bg5 f6 10. Bh4 Qe8 11. h3 Nh6 12. Re1 Kh8 13. Rb1 g5 14. Bg3 Be6 15. d5 Bd7 16. b4 Rd8 17. Nb5 Qe7 18. Qd2 Bxb5 19. cxb5 Nb8 20. Rb3 c6 21. bxc6 bxc6 22. dxc6 Nxc6 23. b5 Nd4 24. Nxd4 exd4 25. Bc4 Rfe8 26. f3 Qc7 27. Qxd4 f5 28. Qd5 f4 29. Bf2 Re5 30. Qd3 Qa5 31. Ra3 Qc7 32. Rxa7 Qb8 1-0

[Event "SW Autumn"]
[Site "?"]
[Date "2022.10.15"]
[Round "1"]
[White "Bullen, Ales"]
[Black "Smith, Alun"]
[Result "1-0"]
[WhiteElo "2099"]
[BlackElo "1722"]
[PlyCount "71"]
[EventDate "2022.??.??"]

1. d4 d5 2. Nf3 Nf6 3. c4 e6 4. g3 c6 5. Qc2 Nbd7 6. Bg2 dxc4 7. Qxc4 Nb6 8. Qc2 Be7 9. O-O Bd7 10. Nc3 Rc8 11. Rd1 Qc7 12. e4 h6 13. Bf4 Qd8 14. Rac1 Nh5 15. Bd2 c5 16. d5 exd5 17. exd5 Nc4 18. Ne4 Nd6 19. Nxd6+ Bxd6 20. Re1+ Kf8 21. Bc3 b5 22. Be5 Qc7 23. Bxd6+ Qxd6 24. Ne5 Nf6 25. Nxd7+ Nxd7 26. Bh3 g6 27. Qc3 Kg8 28. Qe3 Rd8 29. Bxd7 Rxd7 30. Rxc5 a6 31. Rc8+ Rd8 32. Rxd8+ Qxd8 33. Qe5 Rh7 34. Qe8+ Qxe8 35. Rxe8+ Kg7 36. d6 1-0

[Event "SW Autumn"]
[Site "?"]
[Date "2022.10.15"]
[Round "2"]
[White "Davies, Callum"]
[Black "Davies, Andrew"]
[Result "1/2-1/2"]
[WhiteElo "1760"]
[BlackElo "1124"]
[PlyCount "113"]
[EventDate "2022.??.??"]

1. e4 d6 2. d4 Nf6 3. Nc3 g6 4. Be3 c6 5. f3 b5 6. Qd2 Nbd7 7. d5 Bb7 8. dxc6 Bxc6 9. Nxb5 a6 10. Nd4 Bb7 11. Nb3 a5 12. a4 Bg7 13. Bh6 Bxh6 14. Qxh6 Qc7 15. Bd3 Ne5 16. Qe3 Nxd3+ 17. Qxd3 Rc8 18. Qb5+ Kf8 19. Nxa5 Ba8 20. c4 Rb8 21. Qa6 Kg7 22. c5 Qxc5 23. e5 Qxe5+ 24. Ne2 Rxb2 25. Rd1 Rxe2+ 26. Qxe2 Qxa5+ 27. Kf2 Qc5+ 28. Qe3 Qxe3+ 29. Kxe3 Rc8 30. Rc1 Nd5+ 31. Kd2 Rxc1 32. Rxc1 Kf6 33. Rc8 Bb7 34. Rb8 Ba6 35. g3 h5 36. Ra8 Bb7 37. Rb8 Bc6 38. a5 Ke6 39. g4 hxg4 40. fxg4 f6 41. h4 Nc7 42. h5 gxh5 43. gxh5 Be4 44. h6 Kf7 45. Ke3 Bh7 46. Rb7 Na6 47. Rb6 Nc5 48. a6 Nxa6 49. Rxa6 Kg6 50. Ra7 e5 51. Rd7 Kxh6 52. Rxd6 Kg5 53. Rd7 Bg6 54. Rd5 Kf5 55. Ra5 Kg4 56. Ra6 Kg5 57. Ra5 1/2-1/2

[Event "SW Autumn"]
[Site "?"]
[Date "2022.10.15"]
[Round "2"]
[White "Duke, Dillan"]
[Black "Quinn, Peter"]
[Result "1-0"]
[WhiteElo "1945"]
[BlackElo "1659"]
[PlyCount "49"]
[EventDate "2022.??.??"]

1. e4 Nf6 2. Nc3 c6 3. d4 d6 4. f3 Nbd7 5. Be3 e5 6. Qd2 Qc7 7. Nge2 Be7 8. g4 b5 9. Ng3 exd4 10. Bxd4 Ne5 11. Be2 b4 12. Nd1 a5 13. g5 Nfd7 14. f4 c5 15. Be3 Nc6 16. Nf5 Bb7 17. Nxg7+ Kf8 18. Nf5 Rc8 19. c4 Ke8 20. Nf2 Nf8 21. Bxc5 Ne6 22. Bxd6 Qd7 23. Bxe7 Nxe7 24. Qxd7+ Kxd7 25. Rd1+ 1-0

[Event "SW Autumn"]
[Site "?"]
[Date "2022.10.15"]
[Round "3"]
[White "Fowler, Hugo"]
[Black "Sharhorodskyi, Yaroslav"]
[Result "1/2-1/2"]
[WhiteElo "1894"]
[BlackElo "1571"]
[PlyCount "69"]
[EventDate "2022.??.??"]

1. e4 c6 2. c4 d5 3. cxd5 cxd5 4. exd5 Nf6 5. Qa4+ Bd7 6. Qb3 Qb6 7. Nc3 Na6 8. Bc4 g6 9. Nf3 Bg7 10. O-O O-O 11. Re1 Qd6 12. d3 Nc7 13. Ne4 Qb6 14. Qxb6 axb6 15. Nxf6+ Bxf6 16. Bg5 Rfe8 17. d6 Ne6 18. Bxe6 Bxe6 19. dxe7 Bxb2 20. Rab1 Rxa2 21. Re2 Bc3 22. Rxa2 Bxa2 23. Rxb6 Bd5 24. d4 Bxf3 25. gxf3 Bxd4 26. Rxb7 f6 27. Be3 Bxe3 28. fxe3 Kf7 29. Kf2 Rxe7 30. Rxe7+ Kxe7 31. Kg3 Ke6 32. Kf4 h6 33. h4 f5 34. e4 g5+ 35. hxg5 1/2-1/2

[Event "SW Autumn"]
[Site "?"]
[Date "2022.10.15"]
[Round "1"]
[White "Fowler, Hugo"]
[Black "Wu, Yuxuan"]
[Result "0-1"]
[WhiteElo "1894"]
[BlackElo "1531"]
[PlyCount "178"]
[EventDate "2022.??.??"]

1. e4 c5 2. c3 d5 3. exd5 Qxd5 4. d4 Nc6 5. Nf3 Bf5 6. Be3 cxd4 7. Nxd4 Nf6 8. Nxf5 Qxf5 9. Bd3 Qd5 10. O-O O-O-O 11. Be2 Qxd1 12. Rxd1 Rxd1+ 13. Bxd1 e6 14. c4 Bd6 15. Nc3 h5 16. h3 Nd7 17. Ne4 Bc7 18. Ng5 Nde5 19. b3 Bd8 20. Ne4 Be7 21. Be2 h4 22. Rd1 Rd8 23. Ng5 Rxd1+ 24. Bxd1 b6 25. Ne4 Nd3 26. Be2 Nc5 27. Ng5 Bxg5 28. Bxg5 Nb4 29. a3 Nc2 30. b4 Nd7 31. Bd3 Nxa3 32. Bxh4 Ne5 33. Be2 Naxc4 34. Kf1 b5 35. Ke1 Kd7 36. Kd1 Nc6 37. Kc2 Nxb4+ 38. Kb3 Nd5 39. Bxc4 bxc4+ 40. Kxc4 Nf4 41. Bg3 Nxg2 42. Kb5 Ne1 43. Bb8 Nd3 44. Bxa7 Nf4 45. Be3 Nxh3 46. Kc5 Ng1 47. Kd4 Nf3+ 48. Ke4 Nh4 49. Bc5 Nf5 50. Ba3 Nd6+ 51. Kf4 Kc6 52. Bb2 f6 53. Ba3 Kd5 54. Bb4 Nf5 55. Ba3 Kd4 56. Bb4 Kd3 57. Ba3 Ke2 58. Bc5 Kd3 59. Ba3 g5+ 60. Kg4 Ke4 61. Bb2 Nd4 62. Ba3 Nf3 63. Kg3 f5 64. Bd6 e5 65. Bc7 g4 66. Bb8 Kd3 67. Bd6 Ke2 68. Bc7 Kf1 69. Bd6 Ke2 70. Bc7 Kd3 71. Bd6 Ke4 72. Bc7 Kd5 73. Bb6 Ke6 74. Bc7 Kf6 75. Bd6 Kg5 76. Be7+ Kh5 77. Bd6 f4+ 78. Kg2 Kg5 79. Bc7 e4 80. Bb6 Ne1+ 81. Kf1 Nd3 82. Kg2 Nb4 83. Bc5 Nd5 84. Bd4 e3 85. f3 g3 86. Kf1 Kh4 87. Be5 Kh3 88. Bd6 g2+ 89. Kg1 e2 0-1

[Event "SW Autumn"]
[Site "?"]
[Date "2022.10.18"]
[Round "2"]
[White "Gibbs, Dominic"]
[Black "Rose, Isaac"]
[Result "1-0"]
[WhiteElo "1845"]
[BlackElo "1100"]
[PlyCount "93"]
[EventDate "2022.??.??"]

1. e4 e5 2. Nf3 Nf6 3. Nxe5 Nc6 4. Nxc6 dxc6 5. Nc3 Bc5 6. Be2 h5 7. d3 Ng4 8. Bxg4 hxg4 9. Qe2 Qd6 10. g3 Bd7 11. Bf4 Qf6 12. O-O-O O-O-O 13. Rdf1 Rh3 14. f3 Qg6 15. Be3 Bd6 16. f4 Rdh8 17. Bg1 Rxg3 18. Bxa7 Rgh3 19. Be3 g3 20. Rhg1 Rxh2 21. Qf3 R8h3 22. f5 Qh7 23. Qg4 g2 24. Rf3 Rxf3 25. Qxf3 Rh3 26. Qf2 Bh2 27. Rxg2 Bd6 28. Ne2 Rh1+ 29. Rg1 Rh2 30. Rg2 Rh1+ 31. Kd2 Ra1 32. Nc3 Bb4 33. Rh2 Qg8 34. Qh4 b6 35. Qh8 Qxh8 36. Rxh8+ Kb7 37. Rg8 g6 38. fxg6 fxg6 39. Rxg6 Rxa2 40. Kc1 Bxc3 41. bxc3 Ra1+ 42. Kb2 Rh1 43. Rg7 Be6 44. Bf4 Rf1 45. Rxc7+ Kb8 46. Rxc6+ Rxf4 47. Rxb6+ 1-0

[Event "SW Autumn"]
[Site "?"]
[Date "2022.10.15"]
[Round "3"]
[White "Hatchett, Paul"]
[Black "Gibbs, Dominic"]
[Result "1/2-1/2"]
[WhiteElo "1971"]
[BlackElo "1845"]
[PlyCount "46"]
[EventDate "2022.??.??"]

1. e4 c5 2. Nf3 e6 3. c3 d5 4. exd5 exd5 5. d4 Bd6 6. Bd3 Ne7 7. dxc5 Bxc5 8. O-O O-O 9. Nbd2 Nbc6 10. Nb3 Bb6 11. h3 Bf5 12. Bf4 Qd7 13. Bxf5 Qxf5 14. Qd2 Ng6 15. Bg3 Rfe8 16. Rfe1 h6 17. Rad1 Rxe1+ 18. Nxe1 Rd8 19. Nc2 Qf6 20. Nbd4 Nge7 21. Qf4 Qxf4 22. Bxf4 Nxd4 23. Nxd4 Nc6 1/2-1/2

[Event "SW Autumn"]
[Site "?"]
[Date "2022.10.15"]
[Round "1"]
[White "Hatchett, Paul"]
[Black "Sharhorodskyi, Yaroslav"]
[Result "1-0"]
[WhiteElo "1971"]
[BlackElo "1571"]
[PlyCount "71"]
[EventDate "2022.??.??"]

1. d4 Nf6 2. Nc3 d5 3. Bg5 e6 4. e3 c5 5. Nf3 Nc6 6. Bd3 Be7 7. dxc5 Bxc5 8. O-O O-O 9. a3 Re8 10. Na4 Bd6 11. c4 dxc4 12. Bxc4 Ne5 13. Bb5 Nxf3+ 14. Qxf3 Bd7 15. Bxf6 gxf6 16. Qxb7 Bxb5 17. Qxb5 Rb8 18. Qa6 Qc7 19. g3 Be5 20. Rac1 Qb7 21. Qxb7 Rxb7 22. Rc2 Reb8 23. b4 a5 24. f4 Bd6 25. Rc6 Be7 26. bxa5 Ra8 27. a6 Rba7 28. Rfc1 Rxa6 29. Nb6 Rb8 30. Nc8 Rxc6 31. Nxe7+ Kf8 32. Nxc6 Rc8 33. Rc2 Ke8 34. Kf2 Kd7 35. Nb4 Ra8 36. Rc3 1-0

[Event "SW Autumn"]
[Site "?"]
[Date "2022.10.15"]
[Round "1"]
[White "Hollyman, Michael"]
[Black "Timmins, Chris"]
[Result "0-1"]
[WhiteElo "1437"]
[BlackElo "1881"]
[PlyCount "48"]
[EventDate "2022.??.??"]

1. c4 d6 2. Nc3 e5 3. g3 f5 4. Bg2 Nf6 5. e3 Be7 6. Nge2 c6 7. O-O O-O 8. f4 Qe8 9. d3 a5 10. e4 Qh5 11. h3 fxe4 12. dxe4 Bxh3 13. Qb3 d5 14. cxd5 Bc5+ 15. Rf2 Bxg2 16. dxc6+ Kh8 17. Kxg2 Bxf2 18. Kxf2 Nxc6 19. Qxb7 Nd4 20. Nxd4 exd4 21. Ne2 Qh2+ 22. Ke1 Qh1+ 23. Kd2 Nxe4+ 24. Kd3 Nc5+ 0-1

[Event "SW Autumn"]
[Site "?"]
[Date "2022.10.15"]
[Round "2"]
[White "Horrell, Stephen"]
[Black "Jukes, Sam"]
[Result "0-1"]
[WhiteElo "1600"]
[BlackElo "1902"]
[PlyCount "96"]
[EventDate "2022.??.??"]

1. e4 c5 2. Nc3 Nc6 3. f4 d6 4. Nf3 e5 5. fxe5 dxe5 6. Bb5 Bd6 7. Bxc6+ bxc6 8. O-O Bg4 9. d3 Ne7 10. Qe1 O-O 11. b3 a5 12. Ba3 Ng6 13. Na4 f5 14. Nd2 Qg5 15. exf5 Bxf5 16. Ne4 Bxe4 17. Qxe4 Nf4 18. Kh1 Rf6 19. g3 Nh3 20. Qg2 Qh5 21. Rxf6 gxf6 22. Rf1 Rf8 23. Qf3 Qg5 24. Bc1 Qg6 25. Qf5 Qxf5 26. Rxf5 Kg7 27. Kg2 Kg6 28. Rf1 Ng5 29. Ba3 Ne6 30. Bb2 f5 31. Nb6 Nd4 32. Bxd4 cxd4 33. Nc4 Bc7 34. a4 Rf6 35. Re1 Re6 36. Kf3 h5 37. h3 Kg5 38. h4+ Kf6 39. Re2 Re7 40. Re1 Ke6 41. Re2 Kd5 42. Nd2 Kc5 43. Nc4 Kb4 44. Kf2 Kc3 45. Kf3 Re8 46. Kf2 e4 47. dxe4 fxe4 48. g4 e3+ 0-1

[Event "SW Autumn"]
[Site "?"]
[Date "2022.10.15"]
[Round "2"]
[White "Hurn, Robert"]
[Black "Rathbone-Jones, Ifan"]
[Result "0-1"]
[WhiteElo "1630"]
[BlackElo "1924"]
[PlyCount "68"]
[EventDate "2022.??.??"]

1. d4 Nf6 2. c4 e6 3. Nc3 d5 4. cxd5 exd5 5. Bg5 Be7 6. e3 O-O 7. Bd3 h6 8. Bh4 Re8 9. Nge2 a6 10. O-O b5 11. a3 Bb7 12. Qd2 Nbd7 13. f3 c5 14. Bf2 Nf8 15. Rac1 Ne6 16. e4 dxe4 17. fxe4 cxd4 18. Nxb5 axb5 19. Bxb5 Nxe4 20. Qd1 Nxf2 21. Rxf2 Bh4 22. Ng3 Bxg3 23. hxg3 Re7 24. Qd3 Ng5 25. Rcf1 Qd5 26. Bc4 Nh3+ 27. Kh2 Nxf2 28. Rxf2 Qh5+ 29. Kg1 Re1+ 30. Rf1 Rxf1+ 31. Qxf1 Bd5 32. Bd3 Rc8 33. Qe1 Qg5 34. Bf1 Qe3+ 0-1

[Event "SW Autumn"]
[Site "?"]
[Date "2022.10.15"]
[Round "1"]
[White "Hurn, Robert"]
[Black "Beeston, Darson"]
[Result "1-0"]
[WhiteElo "1630"]
[BlackElo "1100"]
[PlyCount "83"]
[EventDate "2022.??.??"]

1. d4 d5 2. c4 c6 3. Nc3 Nf6 4. e3 e6 5. Nf3 Be7 6. Bd3 O-O 7. O-O Nbd7 8. Qc2 h6 9. b3 Qc7 10. Bb2 Re8 11. Rac1 Nb8 12. Ne5 Bd6 13. f4 Na6 14. a3 c5 15. Nb5 Qe7 16. Rf3 Nc7 17. Nxd6 Qxd6 18. Kh1 b6 19. dxc5 bxc5 20. Rg3 Bb7 21. Ng4 Nxg4 22. Rxg4 d4 23. exd4 cxd4 24. Qf2 Rad8 25. Qh4 Kh8 26. Qh5 Qe7 27. Qe5 f6 28. Qh5 f5 29. Rg3 Qf6 30. h3 Be4 31. Rg6 Qf7 32. Rxh6+ gxh6 33. Qxf7 Bxd3 34. Qxc7 Rg8 35. Qe5+ Kh7 36. Bxd4 Rg3 37. Bf2 Rg6 38. Qc7+ Rg7 39. Qxd8 Be4 40. Rg1 Rb7 41. b4 a5 42. b5 1-0

[Event "SW Autumn"]
[Site "?"]
[Date "2022.10.15"]
[Round "2"]
[White "Jukes, Sam"]
[Black "Williams, Luke"]
[Result "1/2-1/2"]
[WhiteElo "1902"]
[BlackElo "1606"]
[PlyCount "102"]
[EventDate "2022.??.??"]

1. e4 c5 2. Nf3 d6 3. d4 cxd4 4. Qxd4 Nc6 5. Bb5 Qa5+ 6. Nc3 Qxb5 7. Nxb5 Nxd4 8. Nfxd4 Kd8 9. Be3 Nf6 10. f3 g6 11. O-O-O Bg7 12. e5 Nd5 13. Bg5 Bxe5 14. Rhe1 Bd7 15. g3 a6 16. Na3 Re8 17. f4 Bg7 18. Nf3 Nf6 19. Rd2 Rc8 20. c3 h6 21. Bh4 Nh7 22. Nc2 f6 23. g4 Bxg4 24. Nfd4 g5 25. f5 gxh4 26. Ne3 e5 27. Nxg4 exd4 28. Rxe8+ Kxe8 29. Rxd4 Rd8 30. Nf2 h3 31. Nxh3 Ng5 32. Nf4 Kd7 33. h4 Nf3 34. Re4 Re8 35. Ne6 Bf8 36. Kc2 Ne5 37. Nf4 Re7 38. Nd5 Rf7 39. h5 Be7 40. b3 Rg7 41. Rb4 Kc6 42. c4 b5 43. a4 Rg2+ 44. Kb1 Kc5 45. axb5 Nd3 46. Ra4 axb5 47. Ra5 Rg1+ 48. Kc2 Nb4+ 49. Nxb4 Kxb4 50. Rxb5+ Ka3 51. Ra5+ Kb4 1/2-1/2

[Event "SW Autumn"]
[Site "?"]
[Date "2022.10.15"]
[Round "2"]
[White "Kandalasaran, Ganesh"]
[Black "Swamy, Anshul"]
[Result "1-0"]
[WhiteElo "1593"]
[BlackElo "1360"]
[PlyCount "87"]
[EventDate "2022.??.??"]

1. d4 d5 2. Nf3 Nf6 3. h3 b6 4. Bf4 e6 5. e3 c6 6. Be2 Be7 7. O-O Bd6 8. Ne5 Qc7 9. Nd2 a6 10. Ndf3 Ne4 11. Bh2 Nd7 12. Nxd7 Bxh2+ 13. Nxh2 Bxd7 14. Nf3 f6 15. c4 Qd6 16. Nd2 Nxd2 17. Qxd2 c5 18. dxc5 bxc5 19. Bf3 Bc6 20. cxd5 exd5 21. Rfd1 Rd8 22. a3 Ke7 23. b4 Ba4 24. bxc5 Qxc5 25. Rdc1 Qd6 26. Qd4 Bb5 27. a4 Bc4 28. Rc2 Rd7 29. Be2 Rc7 30. Bxc4 dxc4 31. Rxc4 Rxc4 32. Qxc4 Rb8 33. Qe4+ Qe5 34. Qxe5+ fxe5 35. g4 Rb4 36. Kg2 g5 37. Kf3 Kd6 38. h4 h6 39. hxg5 hxg5 40. a5 Ke6 41. Rh1 Kd5 42. Rh6 Ra4 43. Rxa6 Kc5 44. Ra8 1-0

[Event "SW Autumn"]
[Site "?"]
[Date "2022.10.15"]
[Round "3"]
[White "Williams, Luke"]
[Black "Thomas, Roy"]
[Result "0-1"]
[WhiteElo "1606"]
[BlackElo "1674"]
[PlyCount "86"]
[EventDate "2022.??.??"]

1. e4 c5 2. d4 cxd4 3. c3 Nf6 4. e5 Nd5 5. Nf3 Nc6 6. Bc4 Nb6 7. Bb3 g6 8. cxd4 Bg7 9. O-O O-O 10. Bg5 d6 11. Re1 dxe5 12. Nxe5 Nxe5 13. dxe5 Qxd1 14. Bxd1 Nc4 15. Bxe7 Re8 16. Bb4 Nxb2 17. Bc3 Nxd1 18. Rxd1 Bxe5 19. Re1 f6 20. Nd2 Bf5 21. Bxe5 Rxe5 22. Rxe5 fxe5 23. Nc4 e4 24. Kf1 b5 25. Nd6 a6 26. Re1 b4 27. Nxe4 a5 28. Nc5 Rc8 29. Nb3 Bd3+ 30. Kg1 a4 31. Nd4 Rc3 32. Ra1 Bc4 33. g3 b3 34. axb3 axb3 35. Rb1 Bd5 36. h4 Rd3 37. Nb5 Rd2 38. Nc3 Be6 39. Rd1 Rc2 40. Na4 b2 41. Kg2 Bd5+ 42. Kf1 Bb3 43. Kg2 Bxa4 0-1

[Event "SW Autumn"]
[Site "?"]
[Date "2022.10.15"]
[Round "1"]
[White "Williams, Luke"]
[Black "Frame, Robert"]
[Result "1-0"]
[WhiteElo "1606"]
[BlackElo "1042"]
[PlyCount "73"]
[EventDate "2022.??.??"]

1. e4 e6 2. d4 d5 3. exd5 exd5 4. Nf3 c5 5. Be2 Nc6 6. O-O cxd4 7. Nxd4 Qb6 8. Nb3 Be6 9. Be3 Qc7 10. Nc3 d4 11. Nxd4 Nxd4 12. Qxd4 Bd6 13. Bb5+ Kf8 14. g3 b6 15. Ba4 Be5 16. Qe4 Rc8 17. Bd4 Bxd4 18. Qxd4 Rd8 19. Qb4+ Ne7 20. Rfe1 a5 21. Qb5 Bc4 22. Qe5 Qb7 23. Rad1 Rc8 24. Rd7 Ng6 25. Qd6+ Kg8 26. Rxb7 h5 27. Re8+ Rxe8 28. Bxe8 h4 29. Qc7 hxg3 30. Bxf7+ Kh7 31. Bxg6+ Kxg6 32. Qxg7+ Kf5 33. Qxh8 gxf2+ 34. Kxf2 Kf4 35. Qf6+ Kg4 36. Rg7+ Kh5 37. Qg5# 1-0

[Event "SW Autumn"]
[Site "?"]
[Date "2022.10.15"]
[Round "2"]
[White "Thomas, Mark"]
[Black "Bown, Thomas"]
[Result "0-1"]
[WhiteElo "1826"]
[BlackElo "2115"]
[PlyCount "64"]
[EventDate "2022.??.??"]

1. e4 c5 2. Nc3 g6 3. f4 Bg7 4. Nf3 Nc6 5. Bb5 Nd4 6. O-O Nxb5 7. Nxb5 d5 8. e5 d4 9. c3 a6 10. Na3 Nh6 11. cxd4 cxd4 12. d3 O-O 13. Nc2 Nf5 14. g4 Nh6 15. h3 f6 16. Qe2 fxe5 17. fxe5 Nf7 18. Bf4 b5 19. Ncxd4 Bb7 20. Rac1 Qd5 21. Rc7 Rac8 22. Rxe7 Rfe8 23. Rxb7 Qxb7 24. Nb3 Nd8 25. d4 Ne6 26. Bg3 Rf8 27. Kh2 Qd5 28. Rf2 Rc7 29. Qe3 Rcf7 30. Nbd2 Nxd4 31. Nxd4 Rxf2+ 32. Bxf2 Bxe5+ 0-1

[Event "SW Autumn"]
[Site "?"]
[Date "2022.10.15"]
[Round "1"]
[White "MacDonald, Duncan"]
[Black "Jukes, Sam"]
[Result "*"]
[WhiteElo "1537"]
[BlackElo "1902"]
[PlyCount "108"]
[EventDate "2022.??.??"]

1. c4 b6 2. Nc3 Bb7 3. d4 Nf6 4. Nf3 e6 5. a3 Be7 6. g3 O-O 7. Bg2 Ne4 8. O-O d6 9. Qc2 Nxc3 10. Qxc3 Nd7 11. Rd1 Qe8 12. b4 f5 13. Bb2 Be4 14. Qe3 Nf6 15. h3 Qg6 16. Qg5 Qf7 17. Qe3 h6 18. Nd2 Bxg2 19. Kxg2 Ne4 20. Rf1 Nxd2 21. Qxd2 f4 22. Qd3 a5 23. b5 Rad8 24. Rac1 Bg5 25. Rce1 Qh5 26. Qf3 Qg6 27. Qd3 f3+ 28. Kh2 Qh5 29. Qe4 Bd2 30. exf3 Bxe1 31. Rxe1 Qxf3 32. Qxf3 Rxf3 33. Kg2 Rdf8 34. Re2 R8f6 35. Rc2 Rb3 36. Bc1 Kf7 37. f4 g5 38. fxg5 hxg5 39. Bxg5 Rff3 40. Bf4 Rbc3 41. Rd2 Rxa3 42. c5 Rad3 43. Re2 bxc5 44. dxc5 e5 45. cxd6 cxd6 46. Bd2 Rxg3+ 47. Kh2 Rxh3+ 48. Kg2 Rdg3+ 49. Kf1 Rh1+ 50. Kf2 Rh2+ 51. Kxg3 Rxe2 52. Bxa5 Rb2 53. Bc7 Ke6 54. b6 Kd7 *